Datum a čas kvízu

36 Celkem bodů Celkový počet nahraných bodů na tomto kvízu bez doplňovacích otázek.
5. Pořadí na kvízu Konečné umístění týmu na tomto kvízu.

Zaznamenané odpovědi

# Otázka Odpověď Body Výsledky
1. Obyvatelé Ostravy se po 21 let... (Moravskoslezská vědecká) knihovna 1
2. V pondělí byl v Paříži zahájen... Kim Kardashian 0
3. Jak se jmenuje Miss Czech Repu... Linda Górecká 1
4. Který evropský poloostrov post... Pyrenejský (Iberský) 1
5. Česká rychlobruslařka Martina... Nikola Zdráhalová 0
6. Podíváme se na několik známých... Cheops / Chufu (Chufev) 1
7. V Egyptě ještě chvíli zůstanem... Hatšepsut (Hatšepsovet) 1
8. Kdo je pohřben pod tímto náhro... Josef Skupa 0
9. Ve které evropské metropoli se... v Paříži 0
10. V poslední otázce tématu se po... Kolja 1